书目信息 |
| 题名: |
美国年度最佳科幻小说集
|
|
| 作者: | 哈特威尔 , 克莱默 著 ;李兆欣 译 | |
| 分册: | ||
| 出版信息: | 北京 新华出版社 2009.01 |
|
| 页数: | 500页 | |
| 开本: | 21cm | |
| 丛书名: | ||
| 单 册: | ||
| 中图分类: | I712.45 | |
| 科图分类: | ||
| 主题词: | 科幻小说--ke huan xiao shuo--美国--现代--小说集 | |
| 电子资源: | ||
| ISBN: | 978-7-5011-8683-9 | |
| 000 | 01146nam0 2200265 450 | |
| 001 | 012010330284 | |
| 005 | 20100624144655.64 | |
| 010 | @a978-7-5011-8683-9@dCNY29.00 | |
| 100 | @a20100624d2009 em y0chiy0120 ea | |
| 101 | 1 | @achi@ceng |
| 102 | @aCN@b110000 | |
| 105 | @ay z 000yy | |
| 106 | @ar | |
| 200 | 1 | @a美国年度最佳科幻小说集@Amei guo nian du zui jia ke huan xiao shuo ji@d= The year's best SF@e2008@f(美) 大卫·哈特威尔, (美) 凯瑟琳·克莱默著@F(mei)da wei·ha te wei er,(mei)kai se lin·ke lai mo zhu@g李兆欣译@Gli zhao xin yi |
| 210 | @a北京@c新华出版社@d2009.01 | |
| 215 | @a500页@d21cm | |
| 330 | @a本书囊括了美国年度最具影响力的科幻佳作25篇,作品通过玄妙的构思和故事情节,将读者带入一个丰富多彩的科幻世界,在满足读者阅读快感的同时,展示了美国年度科幻文学创作的概貌。 | |
| 500 | 10 | @aYear's best SF@mChinese |
| 606 | 0 | @a科幻小说@Ake huan xiao shuo@y美国@z现代@j小说集 |
| 690 | @aI712.45@v4 | |
| 701 | 1 | @a哈特威尔@Aha te wei er@g(Hartwell, David G.)@4著 |
| 701 | 1 | @a克莱默@Ake lai mo@g(Cramer, Kathryn)@4著 |
| 702 | 0 | @a李兆欣@Ali zhao xin@4译 |
| 801 | 0 | @aCN@bQSSK@c20100624 |
| 905 | @b782628-30@dI712.45@eH024@f3 | |
| 美国年度最佳科幻小说集= The year's best SF:2008/(美) 大卫·哈特威尔, (美) 凯瑟琳·克莱默著/李兆欣译.-北京:新华出版社,2009.01 |
| 500页;21cm |
| ISBN 978-7-5011-8683-9:CNY29.00 |
| 本书囊括了美国年度最具影响力的科幻佳作25篇,作品通过玄妙的构思和故事情节,将读者带入一个丰富多彩的科幻世界,在满足读者阅读快感的同时,展示了美国年度科幻文学创作的概貌。 |
| ● |
| 相关链接 |
|
|
|
正题名:美国年度最佳科幻小说集
索取号:I712.45/H024
 
预约/预借
| 序号 | 登录号 | 条形码 | 馆藏地/架位号 | 状态 | 备注 |
| 1 | 782628 | 207826281 | 文学库116/116文学库 27排1列1层/ [索取号:I712.45/H024] | 在馆 | |
| 2 | 782629 | 207826290 | 社科二线400B/400B社科库 5排4列5层/ [索取号:I712.45/H024] | 在馆 | |
| 3 | 782630 | 207826307 | 文学库116/116文学库 27排1列1层/ [索取号:I712.45/H024] | 在馆 |